[Event "Orsha 2011 Masters"]
[Site "?"]
[Date "????.??.??"]
[Round "1"]
[White "Meshkov, Yuri A"]
[Black "Tsyhanchuk, Stanislav"]
[Result "1/2-1/2"]
[WhiteElo "2404"]
[BlackElo "2340"]
[PlyCount "109"]
[EventDate "2011.01.26"]
[SourceDate "2011.01.26"]

1. g3 Nf6 2. Bg2 c5 3. c4 g6 4. Nf3 Bg7 5. d4 cxd4 6. Nxd4 O-O 7. O-O Nc6 8.
Nc2 d6 9. Nc3 Bd7 10. Rb1 Qc8 11. Re1 Bh3 12. e4 Bxg2 13. Kxg2 Qd7 14. b3 Ng4
15. Bb2 f5 16. f3 Nf6 17. exf5 Qxf5 18. Ne3 Qd7 19. Ncd5 Rf7 20. Nxf6+ Bxf6 21.
Bxf6 Rxf6 22. Ng4 Rff8 23. Qd3 Kg7 24. Rbd1 h5 25. Qc3+ Kh7 26. Ne5 Nxe5 27.
Qxe5 Rae8 28. Qe4 b6 29. Rd5 Kg7 30. Qd4+ Rf6 31. h4 Qb7 32. Qe4 Qd7 33. a4 e6
34. Rg5 Ref8 35. Re3 e5 36. Qd5 R8f7 37. Rd3 Qc7 38. g4 hxg4 39. Rxg4 Kh6 40.
Qe4 Qe7 41. Qe3+ Rf4 42. Qd2 Qb7 43. Rd5 Kh7 44. Rxf4 Rxf4 45. Qd3 e4 46. fxe4
Qd7 47. Rg5 Rxh4 48. Qg3 Rxe4 49. Rxg6 Qf5 50. Rg7+ Kh6 51. Qf3 Qe5 52. Rg4
Rxg4+ 53. Qxg4 Qb2+ 54. Kf1 Qxb3 55. Qh4+ 1/2-1/2

[Event "Orsha 2011 Masters"]
[Site "?"]
[Date "????.??.??"]
[Round "1"]
[White "Leinov, Roman"]
[Black "Lavretzkij, Roman"]
[Result "1/2-1/2"]
[WhiteElo "2177"]
[BlackElo "2268"]
[PlyCount "22"]
[EventDate "2011.01.26"]
[SourceDate "2011.01.26"]

1. e4 e6 2. d4 d5 3. exd5 exd5 4. Bd3 Bd6 5. Nf3 Nf6 6. O-O O-O 7. Bg5 h6 8.
Bh4 Bg4 9. Nbd2 Nbd7 10. c3 c6 11. Re1 Qc7 1/2-1/2

[Event "Orsha 2011 Masters"]
[Site "?"]
[Date "????.??.??"]
[Round "1"]
[White "Bulanov, Dmitri"]
[Black "Gorlanov, Vladislav"]
[Result "1/2-1/2"]
[WhiteElo "2358"]
[BlackElo "2259"]
[PlyCount "92"]
[EventDate "2011.01.26"]
[SourceDate "2011.01.26"]

1. e4 c5 2. Nf3 g6 3. d4 Bg7 4. c3 cxd4 5. cxd4 d5 6. e5 Bg4 7. Be2 Nc6 8. Nc3
Nh6 9. Qb3 Bxf3 10. Bxf3 e6 11. Qxb7 Qc8 12. Qxc8+ Rxc8 13. Bxh6 Bxh6 14. Rd1
f6 15. exf6 Bg5 16. O-O Bxf6 17. Rfe1 Kf7 18. Bg4 Nxd4 19. Rxd4 Bxd4 20. Bxe6+
Kg7 21. Bxc8 Bxc3 22. Re7+ Kf6 23. Re6+ Kf7 24. Rc6 Bxb2 25. Be6+ Ke7 26. Bxd5
Rd8 27. Bb3 Rd2 28. Rc7+ Ke8 29. g3 Bd4 30. Rf7 h5 31. Rf3 g5 32. Kf1 Ke7 33.
Rf7+ Kd6 34. Rf5 Bb6 35. Ke1 Rb2 36. Rxg5 Bxf2+ 37. Kf1 h4 38. Rg6+ Ke5 39.
gxh4 Bxh4 40. Rg4 Bd8 41. h3 Rh2 42. Rg3 Kf4 43. Rd3 Bb6 44. Bd5 Rf2+ 45. Ke1
Rh2 46. Rb3 Ke5 1/2-1/2

[Event "Orsha 2011 Masters"]
[Site "?"]
[Date "????.??.??"]
[Round "1"]
[White "Duzhakov, Ilya"]
[Black "Mukhin, Pavel"]
[Result "1-0"]
[WhiteElo "2302"]
[BlackElo "2227"]
[PlyCount "61"]
[EventDate "2011.01.26"]
[SourceDate "2011.01.26"]

1. d4 Nf6 2. c4 e6 3. g3 Bb4+ 4. Bd2 Qe7 5. Bg2 Nc6 6. Nf3 Bxd2+ 7. Nbxd2 d6 8.
O-O a5 9. e3 O-O 10. Rc1 e5 11. Qb3 e4 12. Ng5 Bf5 13. f3 exf3 14. Rxf3 Bg6 15.
Rcf1 h6 16. Nh3 Ne4 17. Nxe4 Bxe4 18. Rf4 Bxg2 19. Kxg2 b6 20. Nf2 Rae8 21. Rf3
Qg5 22. Nh3 Qg6 23. Nf4 Qg5 24. a3 Qd8 25. c5 Ne7 26. cxb6 cxb6 27. e4 Qc7 28.
Ne6 fxe6 29. Rxf8+ Rxf8 30. Qxe6+ Kh7 31. Rxf8 1-0

[Event "Orsha 2011 Masters"]
[Site "?"]
[Date "????.??.??"]
[Round "2"]
[White "Mukhin, Pavel"]
[Black "Bulanov, Dmitri"]
[Result "0-1"]
[WhiteElo "2227"]
[BlackElo "2358"]
[PlyCount "130"]
[EventDate "2011.01.26"]
[SourceDate "2011.01.26"]

1. d4 f5 2. g3 Nf6 3. Bg2 g6 4. Nh3 Bg7 5. Nc3 Nc6 6. Nf4 e5 7. dxe5 Nxe5 8. h4
c6 9. h5 d5 10. hxg6 hxg6 11. Rxh8+ Bxh8 12. Be3 Qe7 13. Bd4 Kf7 14. e3 Bd7 15.
Qe2 Re8 16. O-O-O b6 17. Rh1 Bg7 18. Re1 Rd8 19. Rh1 Be8 20. Rd1 Kg8 21. Qa6
Nfg4 22. Rf1 Bf7 23. Nce2 c5 24. Bc3 g5 25. Nd3 d4 26. Nxe5 Nxe5 27. exd4 Bc4
28. Qa3 Bxe2 29. Re1 Nc4 30. Qb3 cxd4 31. Bb4 Qe6 32. Bf1 d3 33. cxd3 Bxb2+ 34.
Kc2 Rxd3 35. Rxe2 Rxb3 36. Rxe6 Rxb4 37. Bxc4 Rxc4+ 38. Kxb2 Kf7 39. Rd6 Re4
40. Rd2 Ke6 41. Kc3 b5 42. Kd3 Kd5 43. Rc2 Rc4 44. Re2 Rd4+ 45. Kc3 a6 46. Re8
Ra4 47. Kb3 g4 48. Re7 Kd4 49. Re3 Rc4 50. Kb2 Kd5 51. Ra3 Rb4+ 52. Kc2 Rc4+
53. Kd2 Rd4+ 54. Kc2 Re4 55. Rd3+ Ke5 56. Rd2 Rc4+ 57. Kb2 Ke4 58. Kb3 Kf3 59.
a3 Re4 60. Rd5 Kxf2 61. Rxf5+ Kxg3 62. Rf6 a5 63. Rf5 a4+ 64. Kc3 Re3+ 65. Kb2
Rb3+ 0-1

[Event "Orsha 2011 Masters"]
[Site "?"]
[Date "????.??.??"]
[Round "2"]
[White "Gorlanov, Vladislav"]
[Black "Kiselev, Pavel"]
[Result "0-1"]
[WhiteElo "2259"]
[BlackElo "2157"]
[PlyCount "54"]
[EventDate "2011.01.26"]
[SourceDate "2011.01.26"]

1. c4 e5 2. g3 d6 3. Bg2 g6 4. Nc3 Bg7 5. e3 Nf6 6. Nge2 O-O 7. O-O Re8 8. h3
Nbd7 9. d4 Nf8 10. b4 Ne6 11. Kh2 Ng5 12. e4 exd4 13. Bxg5 dxc3 14. f4 h6 15.
Bh4 g5 16. fxg5 hxg5 17. Bxg5 Ng4+ 18. hxg4 Qxg5 19. Qd5 Qxd5 20. cxd5 Bxg4 21.
Nf4 Bd4 22. Rac1 Kg7 23. Bh3 Bxh3 24. Nxh3 Rxe4 25. Rxf7+ Kg6 26. Rf3 Re2+ 27.
Kh1 Rh8 0-1

[Event "Orsha 2011 Masters"]
[Site "?"]
[Date "????.??.??"]
[Round "2"]
[White "Meshkov, Yuri A"]
[Black "Leinov, Roman"]
[Result "1-0"]
[WhiteElo "2404"]
[BlackElo "2177"]
[PlyCount "69"]
[EventDate "2011.01.26"]
[SourceDate "2011.01.26"]

1. g3 d5 2. Bg2 e5 3. c4 d4 4. b4 a5 5. Qa4+ Bd7 6. b5 Qc8 7. Nf3 f6 8. e3 Bh3
9. O-O Bxg2 10. Kxg2 d3 11. Ne1 e4 12. Nc3 f5 13. f3 Nf6 14. fxe4 fxe4 15. Nd5
Nxd5 16. cxd5 Qg4 17. Rf4 Qe2+ 18. Rf2 Qg4 19. b6+ Nd7 20. Nxd3 Bd6 21. Ba3 Rf8
22. Raf1 Rf3 23. Bxd6 cxd6 24. Nf4 Kd8 25. Qxe4 Rxf2+ 26. Rxf2 Nf6 27. Qd4 Kd7
28. e4 Rc8 29. h3 Qg5 30. d3 Qe5 31. Qxe5 dxe5 32. Ne6 Rc3 33. Nxg7 Ke7 34. d6+
Kf7 35. Nh5 1-0

[Event "Orsha 2011 Masters"]
[Site "?"]
[Date "????.??.??"]
[Round "3"]
[White "Shkuran, Daniil"]
[Black "Gorlanov, Vladislav"]
[Result "1-0"]
[WhiteElo "2392"]
[BlackElo "2259"]
[PlyCount "101"]
[EventDate "2011.01.26"]
[SourceDate "2011.01.26"]

1. e4 c5 2. Nf3 g6 3. c3 Bg7 4. d4 cxd4 5. cxd4 d5 6. e5 Bg4 7. Nc3 Nc6 8. Be2
Nh6 9. Ng5 Bxe2 10. Nxe2 Qb6 11. O-O Nf5 12. Nf3 e6 13. g4 Nfe7 14. Kg2 Rc8 15.
Rb1 O-O 16. b4 f6 17. exf6 Bxf6 18. Bh6 Rfe8 19. Bf4 a5 20. b5 Nd8 21. Ne5 Bxe5
22. Bxe5 Nf7 23. Bf6 Rc4 24. Nc1 Nc8 25. Nd3 Ncd6 26. f3 Rec8 27. Re1 Ne8 28.
Bh4 Qxd4 29. Rxe6 Nc7 30. Bf6 Nxe6 31. Bxd4 Rxd4 32. Kg3 Rc3 33. Qe1 Rdxd3 34.
Qxe6 Rxf3+ 35. Kg2 Rfe3 36. Qxd5 Rc2+ 37. Kg1 Rc7 38. Qd4 Rce7 39. Rc1 R3e5 40.
Rc8+ Kg7 41. Rc5 Kf8 42. Rxe5 Nxe5 43. Qf4+ Kg7 44. Qd4 Kf8 45. Qd8+ Kf7 46.
Qxa5 Nxg4 47. a4 Nf6 48. Qb6 Nd5 49. Qd6 Nf6 50. a5 Rd7 51. Qf4 1-0

[Event "Orsha 2011 Masters"]
[Site "?"]
[Date "????.??.??"]
[Round "3"]
[White "Kiselev, Pavel"]
[Black "Mukhin, Pavel"]
[Result "0-1"]
[WhiteElo "2157"]
[BlackElo "2227"]
[PlyCount "86"]
[EventDate "2011.01.26"]
[SourceDate "2011.01.26"]

1. e4 c6 2. d4 d5 3. Nc3 a6 4. Nge2 dxe4 5. Nxe4 Nd7 6. Bf4 Ndf6 7. N2c3 Nxe4
8. Nxe4 Bf5 9. Bd3 Qxd4 10. c3 Qd5 11. Qe2 Bxe4 12. Bxe4 Qe6 13. Be5 Nf6 14.
Bc2 Nd7 15. f4 Nxe5 16. fxe5 Qc8 17. O-O-O e6 18. Rhf1 Qc7 19. Qf2 g6 20. Rd3
Bh6+ 21. Kb1 O-O 22. Rh3 Bg7 23. Qh4 h6 24. Re3 Rad8 25. Qg3 Rd5 26. Rfe1 Rd2
27. h4 h5 28. Qf3 Qe7 29. Qh3 Bh6 30. Re4 Qc5 31. Rf1 Rf2 32. Rd1 Rf5 33. g4
hxg4 34. Rxg4 Rxe5 35. h5 Rxh5 36. Qg2 Rg5 37. Rh1 Rxg4 38. Qxg4 Qg5 39. Qh3
Kg7 40. c4 Rd8 41. c5 Rd5 42. b4 Qd2 43. a3 Rh5 0-1

[Event "Orsha 2011 Masters"]
[Site "?"]
[Date "????.??.??"]
[Round "3"]
[White "Duzhakov, Ilya"]
[Black "Meshkov, Yuri A"]
[Result "1-0"]
[WhiteElo "2302"]
[BlackElo "2404"]
[PlyCount "71"]
[EventDate "2011.01.26"]
[SourceDate "2011.01.26"]

1. d4 e6 2. Nf3 c5 3. g3 b5 4. Bg2 Bb7 5. O-O d5 6. a4 b4 7. c4 bxc3 8. Nxc3
Nd7 9. Bf4 a6 10. e4 Ngf6 11. e5 cxd4 12. Nxd4 Ne4 13. Nxe4 dxe4 14. Qe2 Nc5
15. Rfd1 Bd5 16. a5 Qb8 17. Qe3 Qb7 18. Bf1 h6 19. b4 Nd3 20. Bxd3 exd3 21.
Qxd3 g5 22. Be3 Bg7 23. Nf5 O-O 24. Nxg7 Kxg7 25. Bc5 Rfd8 26. Qf1 Bf3 27. Rd6
Rxd6 28. exd6 e5 29. Ra3 Bc6 30. Re3 f6 31. f4 e4 32. fxg5 hxg5 33. Bd4 Rf8 34.
Qf5 Qb5 35. Qxb5 axb5 36. Rc3 1-0

[Event "Orsha 2011 Masters"]
[Site "?"]
[Date "????.??.??"]
[Round "3"]
[White "Bulanov, Dmitri"]
[Black "Lavretzkij, Roman"]
[Result "1/2-1/2"]
[WhiteElo "2358"]
[BlackElo "2268"]
[PlyCount "33"]
[EventDate "2011.01.26"]
[SourceDate "2011.01.26"]

1. e4 c5 2. Nf3 Nc6 3. d4 cxd4 4. Nxd4 g6 5. Nc3 Bg7 6. Be3 Nf6 7. Nxc6 bxc6 8.
e5 Nd5 9. Nxd5 cxd5 10. Qxd5 Rb8 11. Bc4 O-O 12. O-O Qc7 13. Qc5 Qxe5 14. Qxe5
Bxe5 15. Bxa7 Rxb2 16. Bb3 d6 17. Rab1 1/2-1/2

[Event "Orsha 2011 Masters"]
[Site "?"]
[Date "????.??.??"]
[Round "1"]
[White "Kiselev, Pavel"]
[Black "Shkuran, Daniil"]
[Result "1/2-1/2"]
[WhiteElo "2157"]
[BlackElo "2392"]
[PlyCount "24"]
[EventDate "2011.01.26"]
[SourceDate "2011.01.26"]

1. e4 c6 2. d4 d5 3. Nc3 dxe4 4. Nxe4 Nd7 5. Nf3 Ngf6 6. Nxf6+ Nxf6 7. Be2 Bg4
8. O-O e6 9. c3 Be7 10. Ne5 Bxe2 11. Qxe2 O-O 12. Bf4 Qd5 1/2-1/2

[Event "Orsha 2011 Masters"]
[Site "?"]
[Date "????.??.??"]
[Round "4"]
[White "Mukhin, Pavel"]
[Black "Shkuran, Daniil"]
[Result "1/2-1/2"]
[WhiteElo "2227"]
[BlackElo "2392"]
[PlyCount "89"]
[EventDate "2011.01.26"]
[SourceDate "2011.01.26"]

1. Nf3 Nf6 2. c4 g6 3. Nc3 Bg7 4. d4 d6 5. Bf4 O-O 6. e3 Bf5 7. h3 Ne4 8. Qb3
Nxc3 9. bxc3 b6 10. Be2 Nc6 11. O-O Na5 12. Qa4 c5 13. Rac1 Qc7 14. Rfd1 Rfd8
15. Bg3 Rac8 16. Nd2 e5 17. Nb3 Nc6 18. Qa3 Bd7 19. Bf3 f5 20. Qb2 Ne7 21. Be2
g5 22. f3 h5 23. Bf2 Bh6 24. Rc2 g4 25. hxg4 hxg4 26. fxg4 fxg4 27. dxe5 dxe5
28. Rcd2 g3 29. Bxg3 Bxe3+ 30. Bf2 Bxd2 31. Qxd2 Be8 32. Qg5+ Ng6 33. Re1 Qg7
34. Bf3 Bf7 35. Nd2 Nf4 36. Rxe5 Qxg5 37. Rxg5+ Ng6 38. Ne4 Kg7 39. Bg3 Rc6 40.
Be5+ Kf8 41. Bf6 Re8 42. Rf5 Be6 43. Rg5 Kf7 44. Bh5 Rg8 45. Be5 1/2-1/2

[Event "Orsha 2011 Masters"]
[Site "?"]
[Date "????.??.??"]
[Round "4"]
[White "Leinov, Roman"]
[Black "Duzhakov, Ilya"]
[Result "0-1"]
[WhiteElo "2177"]
[BlackElo "2302"]
[PlyCount "80"]
[EventDate "2011.01.26"]
[SourceDate "2011.01.26"]

1. c4 e6 2. d4 d5 3. Nc3 c6 4. cxd5 exd5 5. Nf3 Bd6 6. Qc2 Ne7 7. Bg5 f6 8. Bh4
Bf5 9. Qd2 Nd7 10. e3 O-O 11. Bd3 Bg4 12. Bg3 Nb6 13. Qc2 g6 14. O-O-O Bf5 15.
Bxd6 Bxd3 16. Qxd3 Qxd6 17. h4 Nc4 18. Nd2 b5 19. Nxc4 bxc4 20. Qc2 a5 21. g4
Qe6 22. Rdg1 f5 23. g5 Nc8 24. h5 Nd6 25. hxg6 hxg6 26. Ne2 Nf7 27. Nf4 Qd6 28.
Nh5 gxh5 29. g6 Nd8 30. Rxh5 Ra7 31. Rxf5 Rg7 32. Rfg5 Rf6 33. f4 Ne6 34. R5g3
Nxf4 35. exf4 Qxf4+ 36. Qd2 Qxd2+ 37. Kxd2 Rf2+ 38. Kc3 Rb7 39. b3 Rxa2 40.
bxc4 Rab2 0-1

[Event "Orsha 2011 Masters"]
[Site "?"]
[Date "????.??.??"]
[Round "4"]
[White "Tsyhanchuk, Stanislav"]
[Black "Gorlanov, Vladislav"]
[Result "1/2-1/2"]
[WhiteElo "2340"]
[BlackElo "2259"]
[PlyCount "50"]
[EventDate "2011.01.26"]
[SourceDate "2011.01.26"]

1. e4 g6 2. f4 Bg7 3. Nf3 c5 4. Nc3 Nc6 5. Bc4 e6 6. f5 gxf5 7. d3 Nge7 8. O-O
Nd4 9. Bg5 Rg8 10. Bh4 Qb6 11. Bxe7 Qxb2 12. Ng5 h6 13. exf5 Nxf5 14. Rxf5 Qxc3
15. Rb1 hxg5 16. Qh5 Kxe7 17. Qxf7+ Kd6 18. Qxg8 Bd4+ 19. Kh1 exf5 20. Qxg5 b5
21. Qf4+ Be5 22. Qf3 Rb8 23. Qd5+ Ke7 24. Qf7+ Kd6 25. Qd5+ Ke7 1/2-1/2

[Event "Orsha 2011 Masters"]
[Site "?"]
[Date "????.??.??"]
[Round "4"]
[White "Meshkov, Yuri A"]
[Black "Bulanov, Dmitri"]
[Result "0-1"]
[WhiteElo "2404"]
[BlackElo "2358"]
[PlyCount "106"]
[EventDate "2011.01.26"]
[SourceDate "2011.01.26"]

1. e4 c6 2. d4 d5 3. Nc3 dxe4 4. Nxe4 Bf5 5. Nc5 b6 6. Nb3 Nf6 7. Nf3 e6 8. g3
Bd6 9. Bg2 Qc7 10. O-O Nbd7 11. Re1 O-O 12. Bg5 Rac8 13. Qe2 h6 14. Bxf6 Nxf6
15. Ne5 c5 16. dxc5 Bxc5 17. Nxc5 Qxc5 18. c4 Rfd8 19. g4 Bh7 20. Rad1 Kf8 21.
b4 Qc7 22. Nc6 Rxd1 23. Rxd1 Be4 24. b5 Bxc6 25. bxc6 Rd8 26. h3 Ke7 27. Qc2
Ne8 28. Rb1 Qe5 29. Qa4 a5 30. Qa3+ Qd6 31. Qxd6+ Nxd6 32. Rxb6 Nxc4 33. Rb7+
Kf6 34. Rb5 Ra8 35. a4 Nd6 36. Rb6 Ke7 37. Kf1 g6 38. Ke2 g5 39. Kd3 f5 40. Kd4
fxg4 41. hxg4 Rf8 42. Kc5 Rxf2 43. Bh1 Rc2+ 44. Kd4 Rc4+ 45. Kd3 Rxg4 46. Ra6
Rxa4 47. Ra7+ Kf6 48. Rd7 Ke5 49. Ra7 h5 50. c7 Rd4+ 51. Ke2 Rc4 52. Rxa5+ Kf6
53. Ra6 Nb5 0-1

[Event "Orsha 2011 Masters"]
[Site "?"]
[Date "????.??.??"]
[Round "5"]
[White "Bulanov, Dmitri"]
[Black "Leinov, Roman"]
[Result "1-0"]
[WhiteElo "2358"]
[BlackElo "2177"]
[PlyCount "43"]
[EventDate "2011.01.26"]
[SourceDate "2011.01.26"]

1. e4 e6 2. d4 d5 3. Nc3 Nf6 4. e5 Nfd7 5. Nce2 c5 6. c3 Nc6 7. f4 b5 8. a3 Qb6
9. Nf3 a5 10. g4 h5 11. gxh5 Rxh5 12. Ng3 Rh8 13. Be3 g6 14. h4 cxd4 15. cxd4
b4 16. a4 Ba6 17. b3 Bxf1 18. Kxf1 Ne7 19. Rc1 Nf5 20. Nxf5 exf5 21. Kf2 Be7
22. h5 1-0

[Event "Orsha 2011 Masters"]
[Site "?"]
[Date "????.??.??"]
[Round "5"]
[White "Kiselev, Pavel"]
[Black "Meshkov, Yuri A"]
[Result "1-0"]
[WhiteElo "2157"]
[BlackElo "2404"]
[PlyCount "77"]
[EventDate "2011.01.26"]
[SourceDate "2011.01.26"]

1. e4 c5 2. Nf3 g6 3. d4 cxd4 4. Nxd4 Bg7 5. Nc3 Nc6 6. Be3 Nf6 7. Bc4 O-O 8.
Bb3 a5 9. O-O a4 10. Nxa4 Nxe4 11. c4 d6 12. Re1 Na5 13. Nb5 Ra6 14. Bc2 Nf6
15. Qe2 d5 16. cxd5 Nxd5 17. Rad1 e6 18. Nc5 Ra8 19. Be4 Nc6 20. a3 b6 21. Nb3
Ba6 22. Bxd5 exd5 23. a4 Qh4 24. f4 Bc8 25. Qc2 Nb4 26. Qd2 Rxa4 27. N3d4 Na6
28. b3 Ra5 29. Nf3 Qh5 30. Nd6 Bg4 31. Bxb6 Ra3 32. Re3 Rb8 33. Nb5 d4 34. Bxd4
Bxd4 35. Nbxd4 Nb4 36. Rde1 Raa8 37. Ne5 Nd5 38. Rg3 Be6 39. f5 1-0

[Event "Orsha 2011 Masters"]
[Site "?"]
[Date "????.??.??"]
[Round "5"]
[White "Shkuran, Daniil"]
[Black "Lavretzkij, Roman"]
[Result "1/2-1/2"]
[WhiteElo "2392"]
[BlackElo "2268"]
[PlyCount "24"]
[EventDate "2011.01.26"]
[SourceDate "2011.01.26"]

1. e4 e5 2. Nf3 Nf6 3. Nxe5 d6 4. Nf3 Nxe4 5. d4 d5 6. Bd3 Be7 7. O-O O-O 8. c4
Nf6 9. Nc3 Nc6 10. h3 dxc4 11. Bxc4 Bf5 12. Bf4 Nb4 1/2-1/2

[Event "Orsha 2011 Masters"]
[Site "?"]
[Date "????.??.??"]
[Round "5"]
[White "Gorlanov, Vladislav"]
[Black "Mukhin, Pavel"]
[Result "1-0"]
[WhiteElo "2259"]
[BlackElo "2227"]
[PlyCount "67"]
[EventDate "2011.01.26"]
[SourceDate "2011.01.26"]

1. c4 Nf6 2. Nc3 e6 3. Nf3 c5 4. g3 b6 5. Bg2 Bb7 6. O-O Be7 7. Re1 O-O 8. e4
d6 9. d4 cxd4 10. Nxd4 Qc8 11. b3 a6 12. Be3 Nbd7 13. Rc1 Qc7 14. f4 Rfd8 15.
f5 Nf8 16. fxe6 fxe6 17. Bh3 Bc8 18. Qf3 Bd7 19. g4 h6 20. g5 hxg5 21. Bxg5 Qc5
22. Be3 Qe5 23. Qg2 b5 24. Kh1 b4 25. Rg1 Ne8 26. Nf3 Qh5 27. Ne2 Bf6 28. Rcf1
Bc6 29. Nfd4 Bxd4 30. Nxd4 Bb7 31. Nxe6 Nxe6 32. Bxe6+ Kh7 33. Rf8 g6 34. Rf7+
1-0

[Event "Orsha 2011 Masters"]
[Site "?"]
[Date "????.??.??"]
[Round "5"]
[White "Duzhakov, Ilya"]
[Black "Tsyhanchuk, Stanislav"]
[Result "0-1"]
[WhiteElo "2302"]
[BlackElo "2340"]
[PlyCount "68"]
[EventDate "2011.01.26"]
[SourceDate "2011.01.26"]

1. d4 Nf6 2. Nf3 g6 3. c4 Bg7 4. g3 d6 5. Bg2 O-O 6. O-O Nc6 7. Nc3 a6 8. h3
Bd7 9. e4 e5 10. d5 Nd4 11. Nxd4 exd4 12. Qxd4 Qc8 13. h4 Ng4 14. Qd1 b5 15. f3
Ne5 16. c5 b4 17. Ne2 Bb5 18. c6 a5 19. Be3 Qa6 20. Nd4 Nc4 21. Bf2 Nxb2 22.
Qc2 Nd3 23. Be3 Ne5 24. Nxb5 Qxb5 25. Rfd1 a4 26. Bd4 b3 27. Qc3 Qc4 28. Qd2
Qc2 29. Rac1 Qxd2 30. Rxd2 Rfb8 31. axb3 Rxb3 32. Ra1 a3 33. Kf2 Nd3+ 34. Ke3
Nb4+ 0-1

[Event "Orsha 2011 Masters"]
[Site "?"]
[Date "????.??.??"]
[Round "6"]
[White "Tsyhanchuk, Stanislav"]
[Black "Mukhin, Pavel"]
[Result "1/2-1/2"]
[WhiteElo "2340"]
[BlackElo "2227"]
[PlyCount "62"]
[EventDate "2011.01.26"]
[SourceDate "2011.01.26"]

1. e4 c6 2. d4 d5 3. e5 c5 4. dxc5 e6 5. Qg4 Qc7 6. Nf3 Ne7 7. Bb5+ Bd7 8. Nc3
Bxb5 9. Nxb5 Qa5+ 10. Nc3 Qxc5 11. Be3 Qc7 12. Qa4+ Nec6 13. Nb5 Qd7 14. O-O-O
Na6 15. c4 Be7 16. cxd5 exd5 17. Nc3 Nc7 18. Kb1 O-O 19. Ka1 Rab8 20. h3 Bb4
21. Ne4 Qe7 22. Ng3 Qe6 23. Nh5 Rbd8 24. Nf4 Qf5 25. Ne2 Be7 26. Rhe1 Qd7 27.
Rc1 Ne6 28. Red1 Rfe8 29. Nc3 Nc7 30. Ne4 Ne6 31. Nc3 Nc7 1/2-1/2

[Event "Orsha 2011 Masters"]
[Site "?"]
[Date "????.??.??"]
[Round "6"]
[White "Duzhakov, Ilya"]
[Black "Bulanov, Dmitri"]
[Result "1-0"]
[WhiteElo "2302"]
[BlackElo "2358"]
[PlyCount "101"]
[EventDate "2011.01.26"]
[SourceDate "2011.01.26"]

1. Nf3 f5 2. g3 Nf6 3. Bg2 g6 4. b3 Bg7 5. Bb2 O-O 6. O-O d6 7. d4 c6 8. c4 Qe8
9. Qc2 Nbd7 10. Nbd2 e5 11. dxe5 dxe5 12. e4 f4 13. c5 Qe7 14. Rac1 fxg3 15.
hxg3 Bh6 16. Rcd1 Qxc5 17. Qxc5 Nxc5 18. Ba3 b6 19. Bxc5 bxc5 20. Nxe5 Ba6 21.
Ndc4 Rae8 22. Rfe1 Bg7 23. Nxc6 Bxc4 24. bxc4 Ng4 25. Re2 Ne5 26. Nxa7 Nxc4 27.
Rc1 Nb2 28. Rxc5 Ra8 29. e5 Rxa7 30. Rxb2 Re7 31. Re2 g5 32. a4 Rf5 33. Rc8+
Bf8 34. a5 Rexe5 35. Rxe5 Rxe5 36. a6 Ra5 37. Bd5+ Rxd5 38. a7 Ra5 39. a8=Q
Rxa8 40. Rxa8 h5 41. f4 gxf4 42. gxf4 Kf7 43. Kg2 Be7 44. Rh8 Kg6 45. Kf3 Bh4
46. Ke4 Be7 47. f5+ Kg7 48. Rxh5 Bf6 49. Kd5 Kf7 50. Rh7+ Bg7 51. Rxg7+ 1-0

[Event "Orsha 2011 Masters"]
[Site "?"]
[Date "????.??.??"]
[Round "6"]
[White "Meshkov, Yuri A"]
[Black "Shkuran, Daniil"]
[Result "1-0"]
[WhiteElo "2404"]
[BlackElo "2392"]
[PlyCount "85"]
[EventDate "2011.01.26"]
[SourceDate "2011.01.26"]

1. c4 Nf6 2. Nc3 g6 3. g3 Bg7 4. Bg2 e5 5. e4 Nc6 6. Nge2 d6 7. d3 Be6 8. Nd5
Nd7 9. h4 h5 10. Bg5 f6 11. Be3 Ne7 12. d4 O-O 13. Nxe7+ Qxe7 14. d5 Bf7 15.
Bh3 Nc5 16. Nc3 a5 17. O-O Be8 18. Kh2 f5 19. exf5 gxf5 20. Bg5 Qd7 21. Qd2 Kh7
22. Rad1 Bg6 23. Rfe1 Qf7 24. f3 Rae8 25. b3 f4 26. g4 hxg4 27. Bxg4 e4 28.
Nxe4 Nxe4 29. fxe4 f3 30. Re3 f2 31. Rf1 Bxe4 32. Re2 Qg6 33. Rexf2 Rxf2+ 34.
Rxf2 b6 35. Kh3 Bb1 36. a4 Kh8 37. Qd1 Re5 38. Qf3 Re1 39. Bf5 Rh1+ 40. Kg2
Bxf5 41. Qxf5 Qxf5 42. Rxf5 Rb1 43. Rf3 1-0

[Event "Orsha 2011 Masters"]
[Site "?"]
[Date "????.??.??"]
[Round "6"]
[White "Leinov, Roman"]
[Black "Kiselev, Pavel"]
[Result "1/2-1/2"]
[WhiteElo "2177"]
[BlackElo "2157"]
[PlyCount "155"]
[EventDate "2011.01.26"]
[SourceDate "2011.01.26"]

1. Nf3 d6 2. d4 Nf6 3. c4 g6 4. Nc3 Bg7 5. g3 O-O 6. Bg2 Nc6 7. O-O a6 8. Qd3
Rb8 9. d5 Nb4 10. Qd1 a5 11. a3 Na6 12. Nd4 e5 13. dxe6 fxe6 14. e4 c6 15. h3
e5 16. Nc2 Nc5 17. Ne3 a4 18. Nxa4 Nfxe4 19. Nxc5 Nxc5 20. b4 Ne6 21. Bb2 Nd4
22. Rc1 Be6 23. Kh2 Qe7 24. c5 Rbd8 25. cxd6 Rxd6 26. Qe1 Qf7 27. f4 exf4 28.
Rxf4 Qe8 29. Nc4 Bxc4 30. Rxf8+ Qxf8 31. Rxc4 Qf7 32. Rc1 Re6 33. Qf1 Nf3+ 34.
Qxf3 Qxf3 35. Bxf3 Bxb2 36. Rc2 Bxa3 37. b5 Re3 38. bxc6 bxc6 39. Bxc6 Bd6 40.
Rg2 g5 41. Bd7 Kg7 42. Bg4 Kg6 43. Re2 Bxg3+ 44. Kg2 Rc3 45. Re6+ Kf7 46. Rh6
Kg7 47. Rb6 Bf4 48. Ra6 Rd3 49. Kf2 h5 50. Bxh5 Rxh3 51. Bg4 Rc3 52. Bf5 Kf7
53. Bg6+ Ke7 54. Bf5 Rb3 55. Re6+ Kf7 56. Rc6 Ra3 57. Kg2 Be5 58. Be6+ Ke7 59.
Bc8 Bd6 60. Kf2 Rd3 61. Ke2 Rg3 62. Kf2 Ra3 63. Ke2 Ra4 64. Kf3 g4+ 65. Bxg4
Rf4+ 66. Kg3 Rc4+ 67. Rxd6 Kxd6 68. Kh4 Ke5 69. Kg5 Rc3 70. Be2 Rg3+ 71. Kh6
Kf6 72. Kh7 Rg7+ 73. Kh8 Kf7 74. Bc4+ Kf8 75. Bd3 Rg5 76. Bc2 Rg3 77. Be4 Rg4
78. Bb1 1/2-1/2

[Event "Orsha 2011 Masters"]
[Site "?"]
[Date "????.??.??"]
[Round "7"]
[White "Mukhin, Pavel"]
[Black "Lavretzkij, Roman"]
[Result "1/2-1/2"]
[WhiteElo "2227"]
[BlackElo "2268"]
[PlyCount "20"]
[EventDate "2011.01.26"]
[SourceDate "2011.01.26"]

1. d4 d5 2. c4 e6 3. Nf3 c6 4. cxd5 exd5 5. Bf4 Nf6 6. e3 Bf5 7. Bd3 Bxd3 8.
Qxd3 Bd6 9. Bxd6 Qxd6 10. Nc3 O-O 1/2-1/2

[Event "Orsha 2011 Masters"]
[Site "?"]
[Date "????.??.??"]
[Round "7"]
[White "Gorlanov, Vladislav"]
[Black "Meshkov, Yuri A"]
[Result "1/2-1/2"]
[WhiteElo "2259"]
[BlackElo "2404"]
[PlyCount "46"]
[EventDate "2011.01.26"]
[SourceDate "2011.01.26"]

1. d4 d5 2. c4 c6 3. cxd5 cxd5 4. Nc3 Nf6 5. Nf3 Nc6 6. Bf4 Bf5 7. e3 e6 8. Bb5
Nd7 9. O-O Qb6 10. Qa4 Rc8 11. Ne5 Ndxe5 12. Bxe5 a6 13. Bxc6+ Qxc6 14. Qxc6+
Rxc6 15. Rfc1 f6 16. Bg3 Kd7 17. Na4 Bc2 18. Nc5+ Bxc5 19. Rxc2 Bb6 20. Rxc6
Kxc6 21. Rc1+ Kd7 22. Kf1 Rc8 23. Rxc8 Kxc8 1/2-1/2

[Event "Orsha 2011 Masters"]
[Site "?"]
[Date "????.??.??"]
[Round "7"]
[White "Shkuran, Daniil"]
[Black "Leinov, Roman"]
[Result "1/2-1/2"]
[WhiteElo "2392"]
[BlackElo "2177"]
[PlyCount "24"]
[EventDate "2011.01.26"]
[SourceDate "2011.01.26"]

1. e4 c5 2. Nf3 d6 3. d4 cxd4 4. Nxd4 Nf6 5. Nc3 g6 6. g3 Bg7 7. Bg2 O-O 8. O-O
Nc6 9. Nde2 Rb8 10. a4 a6 11. Nf4 b5 12. axb5 axb5 1/2-1/2

[Event "Orsha 2011 Masters"]
[Site "?"]
[Date "????.??.??"]
[Round "7"]
[White "Kiselev, Pavel"]
[Black "Duzhakov, Ilya"]
[Result "0-1"]
[WhiteElo "2157"]
[BlackElo "2302"]
[PlyCount "52"]
[EventDate "2011.01.26"]
[SourceDate "2011.01.26"]

1. e4 e6 2. d4 d5 3. Nc3 Bb4 4. e5 c5 5. a3 Bxc3+ 6. bxc3 Qc7 7. Bd3 b6 8. Qg4
Ne7 9. Bd2 Kf8 10. h4 Ba6 11. h5 Bxd3 12. cxd3 h6 13. Nf3 Nbc6 14. Qf4 Ke8 15.
Nh4 Na5 16. dxc5 bxc5 17. O-O Nec6 18. Qa4 c4 19. Rab1 cxd3 20. Rb5 Nc4 21.
Rfb1 Nxd2 22. Rb7 Qc8 23. Qf4 Nd8 24. Ng6 Nxb7 25. Nxh8 Nxb1 26. Qxf7+ Kd8 0-1